000 00693nam a2200193Ia 4500
008 0000001985 sp a 0000000000spa00
090 _aPSP00 P11g
100 1 _aPablo, Luis de
245 1 0 _aGerardo Rueda
_c/ textos de Pablo de Luis
300 _a[40] p.
_c/ 19 cm.
500 _aExposición realizada en la Galería Theo de Madrid, España, en 1985 \ Incluye datos biográficos y cronología artística
600 0 0 _a RUEDA, GERARDO, 1926/
_xTRABAJOS PICTORICOS
650 1 4 _a PINTURA ESPAÑOLA
650 1 4 _aARTE CONTEMPORANEO ESPAÑOL
650 1 4 _xCATALOGOS
650 1 4 _xEXPOSICIONES
650 1 4 _aPINTORES ESPAÑOLES
999 _c16267
_d16267
260 _aMadrid : Galeria Theo
_c1985